The grim phoenix : (Record no. 200468109)

MARC details
000 -LEADER
fixed length control field 01813cam a2200481 i 4500
001 - CONTROL NUMBER
control field 200468109
003 - CONTROL NUMBER IDENTIFIER
control field TR-AnTOB
005 - DATE AND TIME OF LATEST TRANSACTION
control field 20260414142253.0
007 - PHYSICAL DESCRIPTION FIXED FIELD--GENERAL INFORMATION
fixed length control field ta
008 - FIXED-LENGTH DATA ELEMENTS--GENERAL INFORMATION
fixed length control field 260414s1978 inu b 001 0 eng
010 ## - LIBRARY OF CONGRESS CONTROL NUMBER
LC control number 77012833
015 ## - NATIONAL BIBLIOGRAPHY NUMBER
National bibliography number GB7837125
Source bnb
National bibliography number 791551024
Source can
016 ## - NATIONAL BIBLIOGRAPHIC AGENCY CONTROL NUMBER
Record control number (AMICUS)000000395271
Record control number 008050276
Source Uk
Record control number 025-33267
Source Uk
020 ## - INTERNATIONAL STANDARD BOOK NUMBER
International Standard Book Number 0253326702
Qualifying information (hardback)
International Standard Book Number 9780253326706
035 ## - SYSTEM CONTROL NUMBER
System control number (CLU)2624819-ucladb-Voyager
System control number (OCoLC)03275287
Canceled/invalid control number (OCoLC)59791408
-- (OCoLC)1020248334
-- (OCoLC)1171917825
System control number (OCoLC)ocm03275287
System control number (EXLNZ-01UCS_NETWORK)9912623859206531
System control number (TR-AnTOB)200468109
040 ## - CATALOGING SOURCE
Original cataloging agency DLC
Language of cataloging eng
Description conventions rda
Transcribing agency DLC
Modifying agency YDXCP
-- OCLCG
-- AU@
-- GBVCP
-- UKV3G
-- GEBAY
-- ZWZ
-- DEBBG
-- UKMGB
-- EUM
-- OCLCQ
-- OCLCF
-- NLC
-- OCLCO
-- DHA
-- OCLCQ
-- TYC
-- OCLCQ
-- XFF
-- OCLCQ
-- CPO
-- OCLCQ
-- NYHOF
-- OCLCQ
-- NKM
-- OCLCA
-- RDF
-- OCLCA
-- OCLCQ
-- OIP
-- OCLCO
-- OCLCL
-- OCLCQ
-- OCLCL
-- TR-AnTOB
041 0# - LANGUAGE CODE
Language code of text/sound track or separate title İngilizce
050 00 - LIBRARY OF CONGRESS CALL NUMBER
Classification number PS3566.Y55
Item number Z79 1978
072 #7 - SUBJECT CATEGORY CODE
Subject category code coll1
Source lacc
083 0# - ADDITIONAL DEWEY DECIMAL CLASSIFICATION NUMBER
Classification number Fiction in English. American writers. Pynchon, Thomas Critical studies
088 ## - REPORT NUMBER
Report number 77012833
090 ## - LOCALLY ASSIGNED LC-TYPE CALL NUMBER (OCLC); LOCAL CALL NUMBER (RLIN)
Classification number (OCLC) (R) ; Classification number, CALL (RLIN) (NR) PS3566.Y55
Local cutter number (OCLC) ; Book number/undivided call number, CALL (RLIN) Z79 1978
100 1# - MAIN ENTRY--PERSONAL NAME
Personal name Plater, William Marmaduke,
Dates associated with a name 1945-
Relator term author
Relator code aut
Authority record control number or standard number http://id.loc.gov/authorities/names/n85822940
9 (RLIN) 153657
245 14 - TITLE STATEMENT
Title The grim phoenix :
Remainder of title reconstructing Thomas Pynchon /
Statement of responsibility, etc. William M. Plater.
264 #1 - PRODUCTION, PUBLICATION, DISTRIBUTION, MANUFACTURE, AND COPYRIGHT NOTICE
Place of production, publication, distribution, manufacture Bloomington :
Name of producer, publisher, distributor, manufacturer Indiana University Press,
Date of production, publication, distribution, manufacture, or copyright notice 1978.
300 ## - PHYSICAL DESCRIPTION
Extent xvii, 268 pages ;
Dimensions 22 cm
336 ## - CONTENT TYPE
Content type term text
Content type code txt
Source rdacontent
337 ## - MEDIA TYPE
Media type term unmediated
Media type code n
Source rdamedia
338 ## - CARRIER TYPE
Carrier type term volume
Carrier type code nc
Source rdacarrier
504 ## - BIBLIOGRAPHY, ETC. NOTE
Bibliography, etc. note Includes bibliographical references and index.
600 10 - SUBJECT ADDED ENTRY--PERSONAL NAME
Personal name Pynchon, Thomas
General subdivision Criticism and interpretation
9 (RLIN) 153650
942 ## - ADDED ENTRY ELEMENTS (KOHA)
Source of classification or shelving scheme Library of Congress Classification
Koha item type Book
Holdings
Withdrawn status Lost status Source of classification or shelving scheme Not for loan Collection code Home library Current library Shelving location Date acquired Source of acquisition Inventory number Total Checkouts Full call number Date last seen Copy number Date shelved Koha item type Public note
    Library of Congress Classification Ödünç Verilemez-Kurumiçi kullanım / Not for loan-For inhouse use Genel Koleksiyon Tıp Fakültesi Medikal Kütüphane Tıp Fakültesi Medikal Kütüphane Genel Koleksiyon / Main Collection 18/03/2026 Bağış / Donation İDE   PS3566.Y55 Z79 1978 TıpFaK 14/04/2026 1 14/04/2026 Book Donated by Prof. Dr. Şükrü Cin
Devinim Yazılım Eğitim Danışmanlık tarafından Koha'nın orjinal sürümü uyarlanarak geliştirilip kurulmuştur.